| 000 | 00353nam a2200157Ia 4500 | ||
|---|---|---|---|
| 008 | 230711s9999||||xx |||||||||||||| ||und|| | ||
| 041 | _aENG | ||
| 082 |
_a800 _bDI-G |
||
| 100 | _aDiamond,Jared | ||
| 245 | 0 | _aGuns,germs and steel | |
| 250 | _a1st Ed. | ||
| 260 |
_c2005 _aLondon _bVintage Books |
||
| 300 | _a489 | ||
| 650 | _aLiterature | ||
| 942 | _cBK | ||
| 999 |
_c5304 _d5304 |
||